IMF History Volume 3 (1945-1965) : Twenty Years of International Monetary Cooperation Volume III; Documents.

This paper comprises documents relating to the history of the IMF, including some that preceded the drafting of the Articles of Agreement. The paper highlights that the first draft of Lord Keynes' plan for a Clearing Union was circulated within the British Treasury on September 8, 1941. A fourt...

Full description

Bibliographic Details
Corporate Author: International Monetary Fund
Format: Journal
Language:English
Published: Washington, D.C. : International Monetary Fund, 1996.
Online Access:Full text available on IMF
LEADER 01458cas a2200193 a 4500
001 AALejournalIMF010719
008 230101c9999 xx r poo 0 0eng d
020 |z 9781451972511 
040 |a BD-DhAAL  |c BD-DhAAL 
110 2 |a International Monetary Fund. 
245 1 0 |a IMF History Volume 3 (1945-1965) :   |b Twenty Years of International Monetary Cooperation Volume III; Documents. 
264 1 |a Washington, D.C. :  |b International Monetary Fund,  |c 1996. 
300 |a 1 online resource (557 pages) 
500 |a <strong>Off-Campus Access:</strong> No User ID or Password Required 
500 |a <strong>On-Campus Access:</strong> No User ID or Password Required 
506 |a Electronic access restricted to authorized BRAC University faculty, staff and students 
520 3 |a This paper comprises documents relating to the history of the IMF, including some that preceded the drafting of the Articles of Agreement. The paper highlights that the first draft of Lord Keynes' plan for a Clearing Union was circulated within the British Treasury on September 8, 1941. A fourth draft was given to Ministers on February 11, 1942. The first definitive version of Mr. White's plan for a stabilization fund was a mimeographed draft dated April 1942. This covered both the IMF and the World Bank. 
538 |a Mode of access: Internet 
856 4 0 |z Full text available on IMF  |u http://elibrary.imf.org/view/books/071/15395-9781451972511-en/15395-9781451972511-en-book.xml  |z IMF e-Library